Aprendiz de Dios

Guardat en:
Dades bibliogràfiques
Autor principal: Rojas Abrev, Enriquillo
Format: Llibre
Idioma:Undetermined
Publicat: Madrid, España Cultura Hispánica 1974
Matèries:
Etiquetes: Afegir etiqueta
Sense etiquetes, Sigues el primer a etiquetar aquest registre!

MARC

LEADER 00000nam a2200000Ia 4500
008 170316s9999 xx 000 0 und d
040 |a cru BVZT 
090 |a 862 R-12a 
100 |a Rojas Abrev, Enriquillo 
245 |a Aprendiz de Dios 
260 |a Madrid, España 
260 |b Cultura Hispánica 
260 |c 1974 
300 |a 30 páginas 
650 |a LITERATURA ESPAÑOLA 
999 |c 10334  |d 10334 
942 |c 15 D  |h 862 R-12a  |2 z